| 000 | 00327nam a22001217a 4500 | ||
|---|---|---|---|
| 082 |
_a297 _bNAD _cM |
||
| 100 |
_aNadeem, Mulana Yasir _951107 |
||
| 245 | _aگلوبلائزیشن اور اسلام | ||
| 260 |
_aKarachi, _bDarul Ishat, _c2004. |
||
| 300 | _a456p. | ||
| 526 |
_a0 _b0 _c0 _d297_000000000000000_NAD |
||
| 942 |
_2ddc _cBK |
||
| 999 |
_c553858 _d553858 |
||